| 000 | 005800000a22001810004500 | ||
|---|---|---|---|
| 003 | MACL | ||
| 005 | 20160401120833.0 | ||
| 008 | 160401b xxu||||| |||| 00| 0 eng d | ||
| 040 |
_aMACL _cMACL |
||
| 041 | _aHindi | ||
| 082 | _a398 | ||
| 100 |
_aडॉ रामनारायण धुर्वे _949527 |
||
| 245 | _aभरथरी लोकगाथा की परंपरा | ||
| 260 |
_aदिल्ली _bमित्तल एण्ड संस _c2010 |
||
| 350 | _a300 | ||
| 650 |
_aलोकसाहित्य _949528 |
||
| 942 |
_cHIN _k398 _2ddc |
||
| 999 |
_c48757 _d48757 |
||